000 00478nam a22001817a 4500
005 20230206121752.0
008 230206b ||||| |||| 00| 0 eng d
020 _a8173393834
040 _aIN-DiNC
_cIN-DiNC
041 _dasm
082 _a891.4514
_bBOS
100 _aBezbora, Nirajana Mahanta
_eEditor
245 _aAbhijanan Sakuntalam
_cby Nirajana Mahanta Bezbora
250 _a1st ed.
260 _aDibrugarh:
_bBanalata,
_c2002.
300 _a120p.
942 _2ddc
_cBK
999 _c11493
_d11493